000 01185nam a2200253Ia 4500
003 GCL
005 20240530104721.0
008 140319s1997 ua 000 0 ara d
020 _a949623597
040 _aGCL /
_cGCL
082 0 4 _a922.1/
_bم ش
100 _aعاطف العراقى
110 1 _aالمجلس الاعلى للثقافة :
_bلجنة الفلسفة والاجتماع
245 1 2 _aالشيخ محمد عبده 1849 - 1905م مفكرا عربيا ورائدا للاصلاح الدينى والاجتماعى :
_bبحوث ودراسات عن حياته وافكاره /
_cالمجلس الاعلى للثقافة لجنة الفلسفة والاجتماع ؛ اشراف وتصدير عاطف العراقى
250 _aط2
260 _aالقاهرة :
_bالمجلس الاعلى للثقافة ،
_c1997.
300 _a426 ص ؛
_c24 سم
490 _aالمجلس الاعلى للثقافة : لجنة الفلسفة والاجتماع
_v0
650 0 4 _aالفلسفة الاسلامية
650 0 4 _aالفلسفة
650 0 4 _aمحمد عبده (الامام)
700 0 _aعاطف العراقى
_eمشرف ومصدر
942 _2ddc
_cBK
999 _c50104
_d50104